zpět

Detail výsledku týmu

The PUB Praha 6 , Praha

Datum a čas kvízu

28.5 Celkem bodů Celkový počet nahraných bodů na tomto kvízu bez doplňovacích otázek.
7. Pořadí na kvízu Konečné umístění týmu na tomto kvízu.

Zaznamenané odpovědi

# Otázka Odpověď Body Výsledky
1. Česká vláda ve středu jmenoval... Michal Koudelka 1
2. Až do pozdní noci se v pondělí... nezvykle dlouhý stůl 1
3. Novinkou letošního ročníku hud... Adele 1
4. Jeden muž se minulý týden vrát... Mirek Topolánek 1
5. NBA zaznamenala minulý týden n... James Harden 1
6. Začneme jedním ze základních k... H = hard (tvrdý), B = black (černý) 0.5
7. Pokud byste se chtěli naučit k... pravou mozkovou hemisférou 1
8. Který renesanční umělec je aut... Leonardo da Vinci 1
9. Vedle klasických pastelek, jak... akvarelové 1
10. Firma Koh-i-noor Hardtmuth je... v Českých Budějovicích 1